Biblioteca ESET

Por el camino de Ulectra (Registro nro. 1260)

Detalles MARC
000 -CABECERA
fixed length control field 00762nam a22002177a 4500
003 - CONTROL NUMBER IDENTIFIER
control field AR-BeUNQ
005 - FECHA Y HORA DE LA ULTIMA TRANSACCION
control field 20250505163348.0
008 - ELEMENTOS DE LONGITUD FIJA-INFORMACION GENERAL
fixed length control field 250505b |||||||| |||| 00| 0 spa d
040 ## - FUENTE DE CATALOGACION
Agencia de catalogación original AR-BeUNQ
Agencia que realiza la transcripción AR-BeUNQ
Convenciones de la descripción aacr
082 ## - NUMERO DE CLASIFICACION DECIMAL DEWEYMBER
Número de la edición 21
Número de clasificación E 863 CAS
100 ## - ASIENTO PRINCIPAL-NOMBRE PERSONAL
Nombre personal Casariego Córdoba, MArtin
Títulos u otras palabras asociadas al nombre aut.
Fecha asociada al nombre 1962
245 ## - MENCION DE TITULO
Título Por el camino de Ulectra
Mención de responsabilidad, etc Martin Casariego Córdoba
Medio físico libro
250 ## - MENCION DE EDICION
Mención de edición 1a.ed
260 ## - PUBLICACION, DISTRIBUCION, ETC.
Lugar de publicación, distribución, etc. Buenos Aires :
Nombre del editor, distribuidor, etc. Aique,
Fecha de publicación, distribución, etc 2012
300 ## - DESCRIPCION FISICA
Extensión 176 p. ;
Dimensiones 24 cm
500 ## - NOTA GENERAL
Nota general En 2314 toeow los seres humanos están programados para morir a los setenta y cinco años.
650 ## - ASIENTO SECUNDARIO DE MATERIA - TERMINO TEMATICO
Fuente del encabezamiento o términ tell
Término temático o nombre geográfico como elemento de entrada Literatura juvenil
651 ## - ASIENTO SECUNDARIO DE MATERIA - NOMBRE GEOGRAFICO
Fuente del encabezamiento o término unecot
Nombre geográfico España
929 ## - DATOS DE ADQUISICION
Procedencia DONACION
Proveedor Ministerio ded Educación de la Nacion
Orden de compra 0
Precio 0
Fecha de recibido 02/12/2021
Patrimonio UNQ PAT 0082724
Número de inventario 58873
942 ## - ELEMENTOS DE PUNTO DE ACCESO ADICIONAL (KOHA)
Tipo de ítem Koha Libros
Existencias
Estado de retiro Estado de pérdida Ubicación permanente Ubicación actual Ubicación en estantería Fecha de ingreso Signatura topográfica completa Inventario Date last seen Tipo de ítem Koha Operador
    Biblioteca ESET - UNQ Biblioteca ESET - UNQ CIRCULACION 05/05/2025 E 863 CAS 58873 05/05/2025 Libros Gladys Alarcon

ESET UNQ

☏ 4365-7188
 Avenida República de Francia 1714 entre Doctor Kenny y Concordia, Ezpeleta, Bs As.
✉ secretaria_eset@unq.edu.ar

Con tecnología Koha